000 00856nam a22002897a 4500
003 CHAP
005 20220329134303.0
008 971013s1960 r 00010 d
010 _a18146
011 _a19118
035 _a23203
040 _cCHAP
082 _a311.21
_bD45
100 0 0 _aDeming, William Edwards.
_931737
245 _aSample desing in business research
260 _aNew York :
_bWiley,
_c1960
300 _a517 p.
590 _aBATCH-UPD
_b10
_c20130110
_lUCH01
_h0143
590 _aBATCH-UPD
_b10
_c20130110
_lUCH01
_h1213
590 _aBATCH-UPD
_b10
_c20130410
_lUCH01
_h0751
590 _aBATCH-UPD
_b10
_c20130914
_lUCH01
_h1140
590 _aCONVERSION
_b10
_c20130109
_lUCH01
_h1311
650 1 4 _aMuestreo estadístico.
_979288
901 _aBK
942 _cLIBRO
949 _a311.21 D45
_bBC
_cLIBRO
_d33724000295523
_eLIBRO
_i23203
_si
999 _c18146
_d18146